THE NEW ADVENTURES OF MARY-KATE & ASHLEY (Record no. 2353)
[ view plain ]
| 000 -LEADER | |
|---|---|
| fixed length control field | 00768nam a22001457a 4500 |
| 020 ## - INTERNATIONAL STANDARD BOOK NUMBER | |
| ISBN | 0-06-106583-8 |
| 082 ## - DEWEY DECIMAL CLASSIFICATION NUMBER | |
| Classification number | 823 |
| Item number | MAR/C |
| 100 ## - MAIN ENTRY--AUTHOR NAME | |
| Personal name | DOOLITTLE, JUNE |
| 245 ## - TITLE STATEMENT | |
| Title | THE NEW ADVENTURES OF MARY-KATE & ASHLEY |
| Remainder of title | THE CASE OF THE GREAT ELEPHANT ESCAPE |
| 260 ## - PUBLICATION, DISTRIBUTION, ETC. (IMPRINT) | |
| Place of publication | NEW YORK |
| Name of publisher | PARACHUTE PRESS BOOK |
| Year of publication | 1999 |
| 300 ## - PHYSICAL DESCRIPTION | |
| Number of Pages | 83 |
| 520 ## - SUMMARY, ETC. | |
| Summary, etc | Where in the world could someone hide an elephant? That's what Ashley and I had to find out. The circus was in town, and their newest star -- Maysie, the baby elephant-was missing!<br/><br/>It was our biggest mystery yet!<br/><br/>We had to find Maysie before show time -- which was only two hours away!<br/><br/>No problem. It shouldn't be too hard to find something that weighs a ton, right?<br/><br/>Wrong! |
| 650 ## - SUBJECT ADDED ENTRY--TOPICAL TERM | |
| Topical Term | NOVEL |
| Geographic subdivision | UNITED STATES |
| 942 ## - ADDED ENTRY ELEMENTS (KOHA) | |
| Koha item type | Books |
| Withdrawn status | Lost status | Collection code | Home library | Current library | Shelving location | Date acquired | Source of acquisition | Full call number | Accession Number | Koha item type |
|---|---|---|---|---|---|---|---|---|---|---|
| Reference | Main Library | Main Library | SHELF 1-J-ENGLISH NOVELS FOR TEACHERS | 01/05/2009 | purchase | 823 MAR/C | 03644 | Books |